| 000 | 00489nam a2200145 a 4500 | ||
|---|---|---|---|
| 008 | 120416s1978 ||||||||||||||||| || u | ||
| 050 | _aPR 9199.3 Bir | ||
| 100 | _aBirney, Earle | ||
| 245 | 1 | 0 | _aBig bird in the bush |
| 246 | _aselected stories and sketches | ||
| 260 |
_aOaklville, Ontario _bMasaic Press _c1978 |
||
| 300 | _a95p. | ||
| 350 | _a0.00 | ||
| 995 |
_D0.00 _FCBU-MAIN LIBRARY (Kitwe) _H1 _I0.00 _M1 _UAVAILABLE _ZFiction Collection |
||
| 999 |
_c35849 _d35849 |
||